Sismología e ingeniería sismo-resistente en Costa Rica : estado del arte
Gorde:
| Egile nagusia: | |
|---|---|
| Beste egile batzuk: | |
| Formatua: | Liburua |
| Argitaratua: |
[San José, Costa Rica] : Universidad de Costa Rica, [Facultad de Ingeniería]
[1985?]
|
| Etiketak: |
Etiketa erantsi
Etiketarik gabe, Izan zaitez lehena erregistro honi etiketa jartzen!
|
MARC
| LEADER | 00000nam a2200000Ia 4500 | ||
|---|---|---|---|
| 003 | PI0081 | ||
| 005 | 20240411082219.0 | ||
| 008 | 140116s1985 cr a 000 ||s d | ||
| 040 | |c cru CEDI | ||
| 090 | |a PI -81 | ||
| 100 | |a Pastor Gómez, Juan Antonio |9 16644 | ||
| 245 | |a Sismología e ingeniería sismo-resistente en Costa Rica : estado del arte | ||
| 260 | |a [San José, Costa Rica] : Universidad de Costa Rica, [Facultad de Ingeniería] |c [1985?] | ||
| 300 | |c 33 hojas | ||
| 700 | |a Boroschek Krauskopf, Rubén |9 1742 | ||
| 942 | |c PI |h PI-81 |i PI0081 |6 PI_81_PI0081 | ||
| 999 | |c 13342 |d 13342 | ||
